000 00349nam a2200145Ia 4500
008 230524s9999 xx 000 0 und d
020 _a9788120338647
100 _aVyuptakesh Sharan
245 0 _aInternational Financial Management
250 _a5th ed.
260 _bPHI
500 _aQuantity Number: 5
650 _aManagement
942 _cBK
999 _c51364
_d51364